Statistics for Real Madrid CF Squad 2008-2009

Click here to take the quiz!

General Stats

  • This quiz has been taken 46 times
  • The average score is 18 of 30

Answer Stats

#PositionNationPlayer% Correct
1GKSpainIker Casillas
98%
-CoachSpainJuande Ramos
98%
4DFSpainSergio Ramos
98%
3DFPortugalPepe
93%
11FWNetherlandsArjen Robben
88%
7FWSpainRaúl González
88%
5DFItalyFabio Cannavaro
83%
20FWArgentinaGonzalo Higuaín
83%
6MFFranceLassana Diarra
80%
12DFBrazilMarcelo Vieira
80%
39MFMaliMahamadou Diarra
78%
37FWNetherlandsRuud van Nistelrooy
75%
25GKPolandJerzy Dudek
70%
14MFSpainGuti
65%
10MFNetherlandsWesley Sneijder
65%
8MFArgentinaFernando Gago
58%
2DFSpainMíchel Salgado
58%
23MFNetherlandsRafael van der Vaart
58%
16DFArgentinaGabriel Heinze
55%
15MFNetherlandsRoyston Drenthe
53%
21DFGermanyChristoph Metzelder
48%
9FWArgentinaJavier Saviola
48%
19FWNetherlandsKlaas-Jan Huntelaar
48%
-CoachGermanyBernd Schuster
35%
18DFMartiniqueJulien Faubert
15%
22DFSpainMiguel Torres
15%
38MFSpainRubén de la Red
15%
24MFSpainJavi García
13%
17MFSpainDani Parejo
10%
13GKSpainJordi Codina
5%

Score Distribution

Percentile by Number Answered

Percent of People with Each Score

Your Score History

You have not taken this quiz